[Event "Aimchess Rapid Prelim"]
[Site "chess24.com INT"]
[Date "2022.10.15"]
[Round "6.7"]
[White "Mamedyarov, Shakhriyar"]
[Black "Aditya, Mittal"]
[Result "1-0"]
[WhiteTitle "GM"]
[BlackTitle "IM"]
[WhiteElo "2747"]
[BlackElo "2486"]
[WhiteFideId "13401319"]
[BlackFideId "35042025"]
[EventDate "2022.10.14"]

1. d4 Nf6 2. c4 e6 3. Nf3 d5 4. Nc3 c5 5. cxd5 cxd4 6. Qxd4 exd5 7. e4 dxe4 8.
Qxd8+ Kxd8 9. Ng5 Be6 10. a3 Nbd7 11. Bf4 Bb3 12. Ngxe4 Nxe4 13. Nxe4 Nc5 14.
Nd2 Bc2 15. Rc1 Nd3+ 16. Bxd3 Bxd3 17. Nf3 Ba6 18. Kd2 f6 19. b4 g5 20. Be3 Ke8
21. Nd4 Rd8 22. Kc3 b6 23. h4 g4 24. Kb3 Bd6 25. Nc6 Rd7 26. Rhd1 Bc7 27. Nxa7
Rxd1 28. Rxd1 Ke7 29. Nc6+ Ke6 30. Nd4+ Kf7 31. Nf5 Ke6 32. Nd4+ Kf7 33. a4 Rd8
34. Rc1 Be5 35. Nc6 Rd3+ 36. Ka2 g3 37. b5 gxf2 38. bxa6 Rxe3 39. Rf1 Re2+ 40.
Kb3 Re3+ 41. Kb4 Bg3 42. a7 Re8 43. Kb5 Re1 44. Rxf2 Rb1+ 45. Ka6 Bxf2 46. a8=Q
Bxh4 47. Qb7+ Kg6 48. Ne7+ Kg5 49. Qd5+ 1-0

[Event "Aimchess Rapid Prelim"]
[Site "chess24.com INT"]
[Date "2022.10.15"]
[Round "7.3"]
[White "Rapport, Richard"]
[Black "Mamedyarov, Shakhriyar"]
[Result "0-1"]
[WhiteTitle "GM"]
[BlackTitle "GM"]
[WhiteElo "2754"]
[BlackElo "2747"]
[WhiteFideId "738590"]
[BlackFideId "13401319"]
[EventDate "2022.10.14"]

1. e4 e5 2. Nf3 Nc6 3. g3 Nf6 4. d3 d5 5. exd5 Qxd5 6. Bg2 e4 7. Nc3 Bb4 8. Ng5
Bg4 9. Qd2 Bxc3 10. bxc3 O-O-O 11. O-O Ne5 12. c4 Qd4 13. Rb1 h6 14. Qb4 hxg5
15. Qxb7+ Kd7 16. Bb2 Rxh2 0-1

[Event "Aimchess Rapid Prelim"]
[Site "chess24.com INT"]
[Date "2022.10.15"]
[Round "7.6"]
[White "Vidit, Santosh Gujrathi"]
[Black "Naroditsky, Daniel"]
[Result "1/2-1/2"]
[WhiteTitle "GM"]
[BlackTitle "GM"]
[WhiteElo "2710"]
[BlackElo "2617"]
[WhiteFideId "5029465"]
[BlackFideId "2026961"]
[EventDate "2022.10.14"]

1. d4 Nf6 2. c4 g6 3. g3 Bg7 4. Bg2 O-O 5. Nc3 d6 6. Nf3 Nbd7 7. O-O e5 8. e4
exd4 9. Nxd4 Re8 10. Be3 Ne5 11. b3 Nfg4 12. Bf4 Nc6 13. Nde2 f5 14. exf5 Bxf5
15. Qd2 Nge5 16. Bh6 Qd7 17. Nd5 Bh8 18. Rad1 Bh3 19. f3 Bxg2 20. Kxg2 Ne7 21.
Nec3 Nxd5 22. Nxd5 Nf7 23. Be3 c6 24. Nc3 Rad8 25. Bd4 Bxd4 26. Qxd4 Ng5 27.
Qxa7 c5 28. Qb6 Re3 29. Ne4 Nxe4 30. fxe4 Rxe4 31. Rf2 Qe7 32. Rdf1 Re8 33. Qa5
Re2 34. Qc3 Qe4+ 35. Qf3 Qxf3+ 36. Kxf3 R8e3+ 37. Kg2 Kg7 38. Rd1 Re6 39. Rd3 g5
40. h3 h5 41. Rxe2 Rxe2+ 42. Kf3 Re6 43. Re3 Rf6+ 44. Ke2 Kf7 45. Re4 Rf5 46.
Re3 Rf6 47. a4 Re6 48. Kd3 Rxe3+ 49. Kxe3 Ke6 50. Ke4 b6 51. h4 g4 52. Kf4 Kf6
53. Ke4 Ke6 54. Kf4 Kf6 55. Ke4 Ke6 1/2-1/2

[Event "Aimchess Rapid Prelim"]
[Site "chess24.com INT"]
[Date "2022.10.15"]
[Round "7.8"]
[White "Harikrishna, Pentala"]
[Black "Abdusattorov, Nodirbek"]
[Result "0-1"]
[WhiteTitle "GM"]
[BlackTitle "GM"]
[WhiteElo "2717"]
[BlackElo "2713"]
[WhiteFideId "5007003"]
[BlackFideId "14204118"]
[EventDate "2022.10.14"]

1. c4 e5 2. e3 Nf6 3. Nc3 Bb4 4. Nge2 c6 5. a3 Ba5 6. b4 Bc7 7. Bb2 O-O 8. d4 d6
9. Qc2 Be6 10. dxe5 dxe5 11. Ng3 a5 12. b5 a4 13. Be2 cxb5 14. Nxb5 Ba5+ 15. Bc3
Bxc3+ 16. Qxc3 Nbd7 17. O-O Qa5 18. Qb2 Nc5 19. Qxe5 Nb3 20. Ra2 Rac8 21. Rc2
Rfd8 22. h3 h6 23. Qc3 Qxc3 24. Rxc3 Rd2 25. Rb1 Ra2 26. Bd3 Rd8 27. Nd4 Rxa3
28. Nc2 Ra2 29. Nb4 Nd2 30. Rd1 Rb2 31. Nc2 Nb1 0-1

[Event "Aimchess Rapid Prelim"]
[Site "chess24.com INT"]
[Date "2022.10.15"]
[Round "8.1"]
[White "Giri, Anish"]
[Black "Abdusattorov, Nodirbek"]
[Result "1/2-1/2"]
[WhiteTitle "GM"]
[BlackTitle "GM"]
[WhiteElo "2764"]
[BlackElo "2713"]
[WhiteFideId "24116068"]
[BlackFideId "14204118"]
[EventDate "2022.10.14"]

1. d4 Nf6 2. c4 e6 3. Nf3 b6 4. g3 Ba6 5. b3 Bb4+ 6. Bd2 Be7 7. Bg2 d5 8. cxd5
exd5 9. O-O O-O 10. Nc3 Nbd7 11. Ne5 Bb7 12. Rc1 Re8 13. Bg5 h6 14. Nxd7 Qxd7
15. Bxf6 Bxf6 16. b4 c6 17. e3 Ba6 18. b5 Bxb5 19. Nxb5 cxb5 20. Qb3 Red8 21.
Rc2 Rac8 22. Rxc8 Rxc8 23. Rb1 a6 24. Qxd5 Qxd5 25. Bxd5 Rc7 26. a4 Be7 27. axb5
a5 28. Bb3 Rc3 29. Kf1 g5 30. Ke2 Kg7 31. g4 Bd6 32. h3 Kf6 33. Bd1 Ke7 34. Ra1
Bb4 35. Ra2 Rc1 36. Rc2 Rxc2+ 37. Bxc2 Bc3 38. Kd3 Be1 39. f4 gxf4 40. exf4 Kd6
41. Ke4 Bd2 42. h4 f6 43. Bb3 Ke7 44. Kf5 Be3 45. d5 Bd2 46. g5 fxg5 47. fxg5
hxg5 48. h5 Bc1 49. h6 g4 50. h7 Bb2 51. Kxg4 Bc3 52. Kf5 Bb2 53. Ke4 Kd6 54.
Kf5 Ke7 55. Kg6 Bc3 56. Kf5 Bb2 1/2-1/2

[Event "Aimchess Rapid Prelim"]
[Site "chess24.com INT"]
[Date "2022.10.15"]
[Round "8.2"]
[White "Grandelius, Nils"]
[Black "Harikrishna, Pentala"]
[Result "1/2-1/2"]
[WhiteTitle "GM"]
[BlackTitle "GM"]
[WhiteElo "2651"]
[BlackElo "2717"]
[WhiteFideId "1710400"]
[BlackFideId "5007003"]
[EventDate "2022.10.14"]

1. Nf3 d5 2. e3 Nf6 3. c4 e6 4. b3 Bd6 5. Bb2 O-O 6. Nc3 c6 7. Be2 e5 8. cxd5
cxd5 9. Nb5 Nc6 10. Nxd6 Qxd6 11. d4 e4 12. Ne5 Nd7 13. Nxc6 bxc6 14. O-O a5 15.
a4 Re8 16. Ba3 Qg6 17. Rc1 Ba6 18. Rc3 Reb8 19. Re1 Bxe2 20. Rxe2 Re8 21. Rec2
Re6 22. Qc1 Ra6 23. Qf1 Ra8 24. Qc1 Ra6 25. Qf1 Ra8 26. Qc1 1/2-1/2

[Event "Aimchess Rapid Prelim"]
[Site "chess24.com INT"]
[Date "2022.10.15"]
[Round "8.6"]
[White "Mamedyarov, Shakhriyar"]
[Black "Anton Guijarro, David"]
[Result "1-0"]
[WhiteTitle "GM"]
[BlackTitle "GM"]
[WhiteElo "2747"]
[BlackElo "2655"]
[WhiteFideId "13401319"]
[BlackFideId "2285525"]
[EventDate "2022.10.14"]

1. d4 Nf6 2. c4 e6 3. Bf4 d5 4. cxd5 exd5 5. e3 Bd6 6. Bxd6 Qxd6 7. Nc3 c6 8.
Bd3 O-O 9. Nf3 Bg4 10. h3 Bh5 11. g4 Bg6 12. Ne5 Bxd3 13. Qxd3 Nfd7 14. f4 f6
15. Nf3 Na6 16. a3 Rfe8 17. Kf2 Rad8 18. Rhg1 c5 19. Rad1 Nc7 20. g5 Ne6 21.
dxc5 Ndxc5 22. Qf5 fxg5 23. Nxg5 Nxg5 24. Qxg5 Qf8 25. Rxd5 Nd3+ 26. Kf3 Nxb2
27. Rxd8 Rxd8 28. Qb5 Qxa3 29. Ne4 Nd3 30. Qc4+ Kf8 31. Ng5 1-0

[Event "Aimchess Rapid Prelim"]
[Site "chess24.com INT"]
[Date "2022.10.16"]
[Round "9.1"]
[White "Aditya, Mittal"]
[Black "Giri, Anish"]
[Result "0-1"]
[WhiteTitle "IM"]
[BlackTitle "GM"]
[WhiteElo "2486"]
[BlackElo "2764"]
[WhiteFideId "35042025"]
[BlackFideId "24116068"]
[EventDate "2022.10.14"]

1. d4 Nf6 2. c4 e6 3. Nf3 d5 4. Nc3 c6 5. Bg5 h6 6. Bh4 Be7 7. e3 Nbd7 8. Qc2
O-O 9. Rd1 Ne8 10. Bg3 Nd6 11. c5 Nf5 12. Bd3 Nxg3 13. hxg3 b6 14. b4 a5 15. a3
axb4 16. axb4 bxc5 17. bxc5 Qc7 18. e4 dxe4 19. Nxe4 e5 20. O-O exd4 21. Nxd4
Ne5 22. Nd6 Nxd3 23. Nxc8 Bxc5 24. Rxd3 Bxd4 25. Rxd4 Raxc8 26. Rfd1 Rfe8 27.
Qc4 Qa5 28. Rf4 Re1+ 29. Rxe1 Qxe1+ 30. Kh2 Qe7 31. Qa6 Qc7 32. Rc4 c5 33. Rg4
Qc6 34. Qa1 g6 35. Rc4 Qd5 36. Qc1 Qg5 37. Qc3 h5 38. Qf3 Qe5 39. Qb7 Rc7 40.
Qa8+ Kh7 41. Re4 Qf6 42. Rf4 Qe6 43. Qd8 Qe7 44. Qd5 Qe6 45. Qd8 Rd7 46. Qc8 Rd5
47. Qf8 Rf5 48. Ra4 Qf6 49. f3 Qg7 50. Qc8 Qe5 51. Ra8 Qg7 52. Ra5 Qd4 53. Ra8
Kh6 54. Qf8+ Qg7 55. Qc8 Rd5 56. Ra5 Qe5 57. Qf8+ Qg7 58. Qc8 h4 59. Rxc5 hxg3+
60. Kh3 Rd4 61. Kxg3 Qf6 62. Qf8+ Kh7 63. Kf2 Rd2+ 64. Kg1 Qd4+ 65. Kh2 Qh4+ 66.
Kg1 Rd1# 0-1

[Event "Aimchess Rapid Prelim"]
[Site "chess24.com INT"]
[Date "2022.10.16"]
[Round "9.5"]
[White "Vidit, Santosh Gujrathi"]
[Black "Duda, Jan-Krzysztof"]
[Result "0-1"]
[WhiteTitle "GM"]
[BlackTitle "GM"]
[WhiteElo "2710"]
[BlackElo "2731"]
[WhiteFideId "5029465"]
[BlackFideId "1170546"]
[EventDate "2022.10.14"]

1. e4 e5 2. Nf3 Nc6 3. d4 exd4 4. Nxd4 Nf6 5. Nxc6 bxc6 6. Nd2 d6 7. b3 g6 8.
Bb2 Bg7 9. Bd3 O-O 10. O-O Re8 11. Re1 Nh5 12. Bxg7 Kxg7 13. g3 Bh3 14. Bf1 Bxf1
15. Kxf1 Qf6 16. Qf3 Re6 17. Qxf6+ Nxf6 18. f3 Rae8 19. Kf2 g5 20. g4 h5 21. h3
Rh8 22. Nf1 Kg6 23. Ne3 Nd7 24. Rh1 Ree8 25. Rag1 h4 26. Rd1 Nc5 27. Rd4 a5 28.
Rc4 Re5 29. a3 Ra8 30. b4 axb4 31. axb4 Ne6 32. Rxc6 Rb5 33. Nd5 Rb7 34. e5 dxe5
35. Re1 Kg7 36. Rxe5 Ra1 37. Re1 Rxe1 38. Kxe1 Ra7 39. Kf2 Ra1 40. b5 Rb1 41. c4
Rb3 42. Nxc7 Nf4 43. Nd5 Rb2+ 44. Ke3 Nxh3 45. Ra6 Rb3+ 46. Kd4 Ng1 47. Ne7
Nxf3+ 48. Kc5 h3 49. Nf5+ Kg8 50. Rh6 h2 51. Ne7+ Kf8 52. Nf5 Ke8 53. Kc6 f6 54.
Rh8+ Kf7 55. Ng3 Nh4 56. Nh1 Rb1 57. Ng3 Rg1 0-1

[Event "Aimchess Rapid Prelim"]
[Site "chess24.com INT"]
[Date "2022.10.16"]
[Round "9.7"]
[White "Harikrishna, Pentala"]
[Black "Naroditsky, Daniel"]
[Result "1-0"]
[WhiteTitle "GM"]
[BlackTitle "GM"]
[WhiteElo "2717"]
[BlackElo "2617"]
[WhiteFideId "5007003"]
[BlackFideId "2026961"]
[EventDate "2022.10.14"]

1. e4 Nc6 2. Nf3 d6 3. Nc3 Nf6 4. d4 g6 5. Be2 Bg7 6. O-O O-O 7. d5 Nb8 8. h3 e5
9. dxe6 Bxe6 10. Be3 Nc6 11. Nd4 Bd7 12. Re1 Re8 13. Bd3 Nxd4 14. Bxd4 Bc6 15.
Qd2 Nd7 16. Bxg7 Kxg7 17. b4 a6 18. a4 Nf6 19. Rad1 b6 20. f4 a5 21. b5 Bb7 22.
Qf2 Nd7 23. Bc4 Nc5 24. e5 Qe7 25. Bd5 dxe5 26. Rxe5 Qf8 27. Qd4 f6 28. Rxe8
Rxe8 29. Bxb7 Nxb7 30. Nd5 Qc5 31. Qxc5 Nxc5 32. Nxc7 Rc8 33. Nd5 Nxa4 34. Rd4
Nc3 35. Nxc3 Rxc3 36. Rd7+ Kg8 37. Rd6 f5 38. Rc6 Re3 39. Rxb6 Re4 40. Ra6 Rc4
41. b6 Rb4 42. c4 Kf7 43. c5 Ke7 44. c6 Kd6 45. c7 1-0

[Event "Aimchess Rapid Prelim"]
[Site "chess24.com INT"]
[Date "2022.10.16"]
[Round "9.8"]
[White "Abdusattorov, Nodirbek"]
[Black "Grandelius, Nils"]
[Result "0-1"]
[WhiteTitle "GM"]
[BlackTitle "GM"]
[WhiteElo "2713"]
[BlackElo "2651"]
[WhiteFideId "14204118"]
[BlackFideId "1710400"]
[EventDate "2022.10.14"]

1. c4 e5 2. g3 Nf6 3. Bg2 c6 4. d4 exd4 5. Qxd4 Na6 6. Nf3 Bc5 7. Qe5+ Be7 8.
O-O O-O 9. Nc3 Re8 10. Rd1 Bb4 11. Qd4 Nc5 12. Bg5 d6 13. Ne1 Bf5 14. Qf4 Re5
15. Nf3 Ne6 16. Qc1 Bxc3 17. Qxc3 Rxe2 18. Nd4 Nxd4 19. Rxd4 h6 20. Qf3 Re5 21.
Bf4 Re6 22. h3 Be4 23. Qb3 Bxg2 24. Kxg2 Qe7 25. Rad1 d5 26. Qf3 Re2 27. Bd6 Qe6
28. Ba3 Re8 29. cxd5 Nxd5 30. Kg1 Qxh3 31. Rf1 Re1 32. Qg2 Qf5 33. Rd1 Rxd1 34.
Rxd1 Re2 35. Qf1 Qf3 36. Re1 Ne3 37. Rxe2 Nxf1 38. Re8+ Kh7 39. Kxf1 Qd1+ 40.
Re1 Qd5 41. Re7 b5 42. b3 a5 43. Bc1 Qh1+ 0-1

[Event "Aimchess Rapid Prelim"]
[Site "chess24.com INT"]
[Date "2022.10.16"]
[Round "10.1"]
[White "Giri, Anish"]
[Black "Grandelius, Nils"]
[Result "1/2-1/2"]
[WhiteTitle "GM"]
[BlackTitle "GM"]
[WhiteElo "2764"]
[BlackElo "2651"]
[WhiteFideId "24116068"]
[BlackFideId "1710400"]
[EventDate "2022.10.14"]

1. Nf3 d5 2. d4 Nf6 3. c4 c6 4. cxd5 cxd5 5. Nc3 Nc6 6. Bf4 a6 7. e3 Bg4 8. h3
Bxf3 9. Qxf3 e6 10. Bd3 Bd6 11. Bg5 Be7 12. O-O O-O 13. Rac1 Rc8 14. Qe2 Ne8 15.
Bxe7 Qxe7 16. Na4 Nd6 17. Qd2 Rc7 18. Rc2 Nc4 19. Bxc4 dxc4 20. Nc5 b6 21. Nxa6
Ra7 22. b4 Rxa6 23. b5 Ra4 24. bxc6 Qd6 25. e4 Qxc6 26. d5 exd5 27. exd5 Qd6 28.
Rb1 Rd8 29. Qd4 Qxd5 30. Qxb6 g6 31. Re1 Qa5 32. Qxa5 Rxa5 33. Re4 Rda8 34.
Rexc4 Rxa2 35. Rxa2 Rxa2 36. Rc8+ Kg7 37. Rc7 h5 38. h4 Ra1+ 39. Kh2 Ra2 40. Kg1
Ra1+ 41. Kh2 Ra2 42. Kg1 1/2-1/2

[Event "Aimchess Rapid Prelim"]
[Site "chess24.com INT"]
[Date "2022.10.16"]
[Round "10.2"]
[White "Naroditsky, Daniel"]
[Black "Abdusattorov, Nodirbek"]
[Result "1/2-1/2"]
[WhiteTitle "GM"]
[BlackTitle "GM"]
[WhiteElo "2617"]
[BlackElo "2713"]
[WhiteFideId "2026961"]
[BlackFideId "14204118"]
[EventDate "2022.10.14"]

1. e4 e5 2. Nf3 Nc6 3. Bb5 a6 4. Ba4 Nf6 5. O-O Be7 6. d3 b5 7. Bb3 d6 8. a3 O-O
9. Nc3 Na5 10. Ba2 Be6 11. b4 Bxa2 12. Rxa2 Nc6 13. Bg5 Nd4 14. Nxd4 exd4 15.
Ne2 c5 16. a4 Nd5 17. Bxe7 Nxe7 18. axb5 axb5 19. Rb2 Rb8 20. Qd2 Nc6 21. Rfb1
cxb4 22. Nf4 Qg5 23. Qc1 f5 24. Nd5 Qg6 25. Nxb4 Ne5 26. Nd5 Rbe8 27. f4 Nf3+
28. Kh1 Nh4 29. Qd2 fxe4 30. dxe4 Rxe4 31. Rxb5 Rfe8 32. Rb8 h6 33. Qf2 Nf5 34.
Rxe8+ Qxe8 35. h3 Re2 36. Qf3 Re1+ 37. Rxe1 Qxe1+ 38. Kh2 Ne3 39. Nxe3 dxe3 40.
Qd5+ Kh8 41. Qa8+ Kh7 42. Qe4+ Kh8 43. Qe8+ Kh7 44. Qe4+ Kh8 45. Qe8+ Kh7 46.
Qe4+ 1/2-1/2

[Event "Aimchess Rapid Prelim"]
[Site "chess24.com INT"]
[Date "2022.10.16"]
[Round "10.3"]
[White "Carlsen, Magnus"]
[Black "Harikrishna, Pentala"]
[Result "1/2-1/2"]
[WhiteTitle "GM"]
[BlackTitle "GM"]
[WhiteElo "2856"]
[BlackElo "2717"]
[WhiteFideId "1503014"]
[BlackFideId "5007003"]
[EventDate "2022.10.14"]

1. c4 c6 2. d4 d5 3. Nf3 Nf6 4. Qc2 dxc4 5. e4 b5 6. b3 cxb3 7. axb3 e6 8. Bd3
a5 9. O-O Na6 10. Qxc6+ Bd7 11. Qc2 Nb4 12. Qe2 Nxd3 13. Qxd3 Be7 14. Nc3 O-O
15. Bg5 h6 16. Bxf6 Bxf6 17. Nxb5 Qb6 18. Na3 Rfd8 19. h3 Be8 20. Rfd1 a4 21.
bxa4 Rxa4 22. Nc4 Qa6 23. Rxa4 Qxa4 24. Nce5 Bb5 25. Qd2 Be8 26. h4 Bxe5 27.
Nxe5 f6 28. Nf3 Bh5 29. Qd3 e5 30. d5 f5 31. Re1 Qa5 32. Qe3 fxe4 33. Nxe5 Rxd5
34. Qxe4 Qxe1+ 35. Qxe1 Rd1 36. Qxd1 Bxd1 37. f4 Kf8 38. Kf2 Ke7 39. g4 g5 40.
Ke1 Bb3 41. Kf2 gxf4 42. Kf3 Kf6 43. Kxf4 Be6 44. Nc6 Bb3 45. Nd4 Bd1 46. Nf5
Kg6 47. Ne3 Be2 48. Nf5 Bd1 49. Nd4 Kf6 50. Nb5 Kg6 51. Nc3 Bb3 52. Ke5 Bc2 53.
Ke6 Bb3+ 54. Kd6 Bc2 55. Ke5 Bb3 56. Ne4 Bd1 57. Kf4 Be2 58. h5+ Kg7 59. Nc3 Ba6
60. Nd1 Be2 61. Ne3 Kh7 62. Kf5 Kg7 63. Ke5 Bf3 64. Kf4 Be2 65. Nf5+ Kh7 66. Nd4
Bd1 67. Ne6 Bb3 68. Kf5 Bc2+ 69. Ke5 Bd1 70. Kf4 Bb3 71. Nd4 Bd1 72. Kf5 Kg7 73.
Ne6+ Kf7 74. Nd8+ Kg7 75. Nc6 Bc2+ 76. Ke6 1/2-1/2

[Event "Aimchess Rapid Prelim"]
[Site "chess24.com INT"]
[Date "2022.10.16"]
[Round "10.5"]
[White "Mamedyarov, Shakhriyar"]
[Black "Vidit, Santosh Gujrathi"]
[Result "1/2-1/2"]
[WhiteTitle "GM"]
[BlackTitle "GM"]
[WhiteElo "2747"]
[BlackElo "2710"]
[WhiteFideId "13401319"]
[BlackFideId "5029465"]
[EventDate "2022.10.14"]

1. d4 Nf6 2. Bg5 d5 3. e3 c5 4. Bxf6 gxf6 5. dxc5 Nc6 6. g3 e5 7. Bg2 Be6 8. Nc3
d4 9. exd4 Qxd4 10. Bxc6+ bxc6 11. Qf3 Qxc5 12. Qxf6 Rg8 13. Nf3 Bg7 14. Qh4 Bd5
15. Qxh7 Kf8 16. Nxd5 Qxd5 17. Qd3 e4 18. Qa3+ c5 19. Rd1 Qc4 20. Nd2 Qxc2 21.
O-O Bxb2 22. Qe3 Rd8 23. Qh6+ Rg7 24. Qh8+ Rg8 25. Qh6+ Rg7 26. Qh8+ Rg8 27. Qh4
Rd4 28. Qh6+ Rg7 29. Qh8+ Rg8 30. Qh6+ Rg7 31. Qh8+ Rg8 32. Qh5 c4 33. Qc5+ Kg7
34. Qg5+ Kh7 35. Qh5+ Kg7 36. Qg5+ Kh7 37. Qh5+ Kg7 38. Qg4+ Kf8 39. Qc8+ Kg7
40. Qg4+ Kf8 41. Qc8+ Kg7 42. Qg4+ 1/2-1/2

[Event "Aimchess Rapid Prelim"]
[Site "chess24.com INT"]
[Date "2022.10.16"]
[Round "10.8"]
[White "Aditya, Mittal"]
[Black "Rapport, Richard"]
[Result "0-1"]
[WhiteTitle "IM"]
[BlackTitle "GM"]
[WhiteElo "2486"]
[BlackElo "2754"]
[WhiteFideId "35042025"]
[BlackFideId "738590"]
[EventDate "2022.10.14"]

1. d4 e6 2. c4 c5 3. d5 exd5 4. cxd5 d6 5. Nc3 g6 6. Bf4 Nf6 7. Nf3 a6 8. a4 Bg7
9. h3 O-O 10. e3 Ne8 11. Qd2 Nd7 12. e4 b6 13. Be2 Rb8 14. O-O Ne5 15. Ne1 Nc7
16. Bh6 Bxh6 17. Qxh6 f5 18. exf5 Bxf5 19. Qd2 b5 20. axb5 axb5 21. f4 Nc4 22.
Bxc4 bxc4 23. Ra4 Rb4 24. Rxb4 cxb4 25. Ne2 Na6 26. Nd4 Qb6 27. Qe3 Bd7 28. Nef3
Nc7 29. Qe7 Rf7 30. Qd8+ Kg7 31. Re1 Nxd5 32. Qxb6 Nxb6 33. Ng5 b3 34. Nxf7 Kxf7
35. Re3 Nd5 36. Rf3 c3 37. Nxb3 cxb2 38. Nd2 Ba4 39. Rd3 Ke6 40. Rd4 Bc2 41. Kf2
h5 42. g4 hxg4 43. hxg4 b1=Q 44. Nxb1 Bxb1 45. Rd1 Ba2 46. Re1+ Kf7 47. Re4 Nf6
48. Ra4 Nxg4+ 49. Kf3 Be6 50. Ra7+ Kf6 51. Ra6 d5 52. Ra8 Nh6 53. Rf8+ Bf7 54.
Ra8 Nf5 55. Ra6+ Be6 56. Rb6 Nd4+ 57. Ke3 Nc2+ 58. Kd3 Ne1+ 59. Ke2 Nc2 60. Kd3
Na3 61. Rb8 Kf5 62. Rf8+ Kg4 63. Kd4 Bf5 64. Kxd5 Kxf4 65. Rb8 Nc2 66. Rf8 g5
67. Kc4 g4 68. Kc3 Ne3 69. Kd2 Kf3 70. Re8 Be4 71. Rf8+ Nf5 72. Ke1 Kg2 73. Re8
Bf3 74. Rf8 Ne7 75. Rb8 Nd5 76. Rb2+ Kg1 77. Rf2 Nf4 78. Rf1+ Kg2 79. Rf2+ Kg3
80. Ra2 Ne2 81. Kf1 Kh2 82. Kf2 Nc3 83. Rc2 Ne4+ 84. Ke3+ Kg3 85. Rc1 Nd6 86.
Rc5 Ne4 87. Rc1 Nf6 88. Rg1+ Bg2 89. Ra1 Nd5+ 90. Ke2 Bh3 91. Rg1+ Kh2 92. Kf2
Nf6 93. Ra1 g3+ 94. Kf3 g2 95. Ra2 Nd5 96. Rd2 Kh1 97. Rd1+ g1=Q 98. Rxg1+ Kxg1
99. Ke4 Bg2+ 100. Kd4 Kf2 101. Ke5 Ke3 102. Kf5 Kd4 103. Ke6 Ne3 104. Kf6 Bd5
105. Kg5 Ke5 106. Kg6 Nf5 107. Kg5 Nd4 108. Kg6 Nf3 109. Kg7 Nh4 110. Kf8 Nf5
111. Ke8 Kd6 112. Kf8 Ke6 113. Kg8 Kf6+ 114. Kh7 Bf7 115. Kh8 Bg6 116. Kg8 Nh6+
117. Kh8 Nf7+ 118. Kg8 Bf5 119. Kf8 Bh7 120. Ke8 Ne5 121. Kf8 Nd7+ 122. Ke8 Ke6
123. Kd8 Kd6 124. Ke8 Bg6+ 125. Kd8 Nc5 0-1

[Event "Aimchess Rapid Prelim"]
[Site "chess24.com INT"]
[Date "2022.10.16"]
[Round "11.2"]
[White "Anton Guijarro, David"]
[Black "Aditya, Mittal"]
[Result "1-0"]
[WhiteTitle "GM"]
[BlackTitle "IM"]
[WhiteElo "2655"]
[BlackElo "2486"]
[WhiteFideId "2285525"]
[BlackFideId "35042025"]
[EventDate "2022.10.14"]

1. d4 Nf6 2. Nf3 d5 3. c4 e6 4. e3 Be7 5. Nc3 b6 6. cxd5 exd5 7. Bd3 O-O 8. O-O
c5 9. b3 Nc6 10. Bb5 Bb7 11. Bb2 a6 12. Be2 Ne4 13. Rc1 cxd4 14. Nxe4 dxe4 15.
Nxd4 Nxd4 16. Qxd4 Bf6 17. Qxd8 Rfxd8 18. Bxf6 gxf6 19. Rc7 Bd5 20. Rd1 Be6 21.
Kf1 Rxd1+ 22. Bxd1 a5 23. Rb7 Rc8 24. Rxb6 Rc1 25. Ke2 Rb1 26. Kd2 Rb2+ 27. Bc2
Rxa2 28. Kc1 Ra1+ 29. Bb1 a4 30. Kb2 Rxb1+ 31. Kxb1 axb3 32. Kb2 f5 33. Kc3 Kg7
34. Kd4 Kf6 35. Rb8 h5 36. h4 Kg6 37. Ke5 Kg7 38. f3 exf3 39. gxf3 Kg6 40. Rb6
Kg7 41. f4 Bc4 42. Kxf5 Bd3+ 43. e4 Bc2 44. Rb7 Bd1 45. e5 Bg4+ 46. Kg5 Bd1 47.
f5 Bc2 48. f6+ 1-0

[Event "Aimchess Rapid Prelim"]
[Site "chess24.com INT"]
[Date "2022.10.16"]
[Round "11.6"]
[White "Harikrishna, Pentala"]
[Black "Duda, Jan-Krzysztof"]
[Result "0-1"]
[WhiteTitle "GM"]
[BlackTitle "GM"]
[WhiteElo "2717"]
[BlackElo "2731"]
[WhiteFideId "5007003"]
[BlackFideId "1170546"]
[EventDate "2022.10.14"]

1. e4 e5 2. Nf3 Nc6 3. Bb5 Nf6 4. O-O Nxe4 5. Re1 Nd6 6. Nxe5 Be7 7. Bf1 Nxe5 8.
Rxe5 O-O 9. Nc3 Ne8 10. Nd5 Bd6 11. Re1 c6 12. Ne3 Be7 13. Nf5 Bg5 14. d4 d5 15.
Bxg5 Qxg5 16. Ne7+ Kh8 17. Re5 Qf6 18. Nxc8 Rxc8 19. Bd3 g6 20. Qd2 Nd6 21. Rae1
Kg7 22. R1e3 Qf4 23. c3 Rce8 24. g3 Qf6 25. Qe2 Qd8 26. h4 f6 27. Re6 Rxe6 28.
Rxe6 Kf7 29. h5 Rg8 30. hxg6+ hxg6 31. b3 Qd7 32. Re3 Re8 33. Rxe8 Nxe8 34. Qe3
g5 35. Qf3 Ng7 36. c4 Ke7 37. cxd5 Qxd5 38. Qe3+ Qe6 39. Qd2 Qd6 40. Bc4 Kd7 41.
d5 c5 42. Qc2 a6 43. Qg6 Qe7 44. Bd3 Kd6 45. Be4 Ne8 46. Bf3 Kc7 47. Qc2 Kb6 48.
a4 Qe1+ 49. Kg2 Nd6 50. a5+ Kb5 51. Be2+ Kb4 52. Qa2 Kc3 53. Qa3 Kd4 54. Qa4+
Kxd5 55. Bf3+ Ne4 56. Qa2 f5 57. g4 fxg4 58. Bxg4 Nd2 59. Bh3 Qe4+ 60. Kh2 Nf3+
61. Kg3 Ke5 62. Qb2+ Nd4 63. Qc3 Kd6 64. Qe3 Qxe3+ 65. fxe3 Nxb3 66. Kg4 Ke5 0-1

[Event "Aimchess Rapid Prelim"]
[Site "chess24.com INT"]
[Date "2022.10.16"]
[Round "11.7"]
[White "Abdusattorov, Nodirbek"]
[Black "Carlsen, Magnus"]
[Result "1/2-1/2"]
[WhiteTitle "GM"]
[BlackTitle "GM"]
[WhiteElo "2713"]
[BlackElo "2856"]
[WhiteFideId "14204118"]
[BlackFideId "1503014"]
[EventDate "2022.10.14"]

1. e4 g6 2. d4 d6 3. Nc3 Bg7 4. Be3 a6 5. Qd2 b5 6. f3 Nf6 7. O-O-O b4 8. Nd5
Nxd5 9. exd5 Bb7 10. Nh3 a5 11. Bh6 Kf8 12. Bxg7+ Kxg7 13. Nf4 Nd7 14. h4 Nb6
15. h5 Nxd5 16. h6+ Kf8 17. Bc4 Nb6 18. Bb5 e6 19. Rhe1 Qf6 20. Nh3 Ke7 21. Ng5
Kd8 22. Ne4 Qe7 23. g4 Bd5 24. g5 c6 25. Bd3 Kc7 26. Kb1 Rhb8 27. Rc1 Nd7 28. c4
Bxe4 29. Bxe4 a4 30. f4 a3 31. b3 Ra5 32. d5 cxd5 33. cxd5+ Rc5 34. f5 e5 35.
Rf1 Rxc1+ 36. Rxc1+ Nc5 37. Rc4 Qd7 38. Qf2 Qe7 39. Qd2 Rb6 40. Bc2 Kb7 41. Rxb4
e4 42. Rxb6+ Kxb6 43. Qb4+ Kc7 44. Qxa3 e3 45. Qa5+ Kb8 46. Qb5+ Nb7 47. f6 Qe5
48. Bd3 Qxg5 49. Qe8+ Ka7 50. b4 Qxh6 51. Kc2 Qh2+ 52. Kb3 Qe5 53. Qe7 Qd4 54.
Bb5 Qxd5+ 55. Bc4 Qd1+ 56. Ka3 Qd4 57. Qxf7 Qc3+ 58. Ka4 Qc2+ 59. Ka3 e2 60.
Bxe2 Qxe2 61. Qe7 Qd3+ 62. Kb2 Qd2+ 63. Kb3 Qg5 64. Qf8 h5 65. f7 Qe3+ 66. Kb2
Qd2+ 67. Kb3 Qd5+ 68. Kb2 Qe5+ 69. Kb3 Qe6+ 70. Ka3 Qe3+ 71. Kb2 Qf2+ 72. Kb3
Qf3+ 73. Kc2 Qf5+ 74. Kb3 Qe6+ 75. Ka3 Nd8 76. Qxd8 Qxf7 77. Qxd6 Kb7 78. b5
Qf3+ 79. Kb4 Qe4+ 80. Ka5 Qe1+ 81. Ka4 Qe4+ 82. Ka5 Qe1+ 83. Ka4 Qe4+ 84. Ka5 1/2-1/2